Statystyki dla Polskie miasta w różnych językach

Kliknij tutaj aby rozwiązać quiz!

Ogólne statystyki

  • Ten quiz został rozwiązany 42 razy
  • Średni wynik to 10 z 11

Statystyki odpowiedzi

JęzykMiasto w tym językuPolska nazwa% Poprawnych
KaszubskiGduńskGdańsk
100%
NiemieckiKattowitzKatowice
100%
WłoskiVarsaviaWarszawa
100%
FrancuskiCracovieKraków
97%
BułgarskiЛюблин
Lyublin
Lublin
97%
CzeskiPoznaňPoznań
97%
LitewskiSuvalkaiSuwałki
95%
BiałoruskiБела-Падляска
Biela-Padliaska
Biała Podlaska
92%
Ukraiński
Жешув
Zheshuv
Rzeszów
92%
Japońskiヴロツワフ
Vurotsuwafu
Wrocław
79%
WilamowskiWymysoüWilamowice
13%

Rozkład punktacji

Percentyl według liczby udzielonych odpowiedzi

Procent ludzi z każdym wynikiem

Twoja historia wyników

Nie rozwiązałeś tego quizu